Catalogue des objets d’art et de haute curiosité antiques (Record no. 7734)

MARC details
000 -CABECERA
campo de control de longitud fija 01009nam a2200265 a 4500
001 - NÚMERO DE CONTROL
campo de control BRCA_8066
005 - FECHA Y HORA DE LA ÚLTIMA TRANSACCIÓN
campo de control 20190320210122.0
008 - DATOS DE LONGITUD FIJA--INFORMACIÓN GENERAL
campo de control de longitud fija 020414s1893----fr-####f##---#001-0#fre-#
041 ## - CÓDIGO DE LENGUA
Código de lengua del texto/banda sonora o título independiente fre
044 ## - CÓDIGO DEL PAÍS DE LA ENTIDAD EDITORA/PRODUCTORA
Código MARC del país fr
050 #4 - SIGNATURA TOPOGRÁFICA DE LA BIBLIOTECA DEL CONGRESO
Número de clasificación NK550
Número de documento/Ítem .S65 1893
100 1# - ENTRADA PRINCIPAL--NOMBRE DE PERSONA
Nombre de persona Spitzer, Frèderic
Fechas asociadas al nombre 1815-1890
9 (RLIN) 20044
245 10 - MENCIÓN DE TÍTULO
Título Catalogue des objets d’art et de haute curiosité antiques
Resto del título du moyen-a^ge & de la renaissance, composant l’importante et preìcieuse Collection Spitzer, dont la vente publique aura lieu aÌ Paris
Mención de responsabilidad, etc. Frèderic Spitzer. Commissaire-priseur Paul Chevallier.
260 ## - PUBLICACIÓN, DISTRIBUCIÓN, ETC.
Lugar de publicación, distribución, etc. París
Nombre del editor, distribuidor, etc. E. Menard et Cie.
Fecha de publicación, distribución, etc. 1893
300 ## - DESCRIPCIÓN FÍSICA
Extensión 2 v.
Dimensiones 40 cm.
440 #0 - MENCIÓN DE SERIE/PUNTO DE ACCESO ADICIONAL--TÍTULO
Título Collection Spitzer
9 (RLIN) 20045
500 ## - NOTA GENERAL
Nota general Y83
650 14 - PUNTO DE ACCESO ADICIONAL DE MATERIA--TÉRMINO DE MATERIA
Término de materia o nombre geográfico como elemento de entrada Artes decorativas
Subdivisión de forma Catálogos
9 (RLIN) 14086
650 14 - PUNTO DE ACCESO ADICIONAL DE MATERIA--TÉRMINO DE MATERIA
Término de materia o nombre geográfico como elemento de entrada Artes decorativas
Subdivisión de forma Edad Media
9 (RLIN) 20046
650 14 - PUNTO DE ACCESO ADICIONAL DE MATERIA--TÉRMINO DE MATERIA
Término de materia o nombre geográfico como elemento de entrada Artes decorativas
Subdivisión de forma Renacimiento
9 (RLIN) 20047
650 14 - PUNTO DE ACCESO ADICIONAL DE MATERIA--TÉRMINO DE MATERIA
Término de materia o nombre geográfico como elemento de entrada Artes decorativas
Subdivisión de forma Coleccionistas y colecciones
9 (RLIN) 20048
700 1# - PUNTO DE ACCESO ADICIONAL--NOMBRE DE PERSONA
Nombre de persona Chevallier, Paul
9 (RLIN) 20049
902 ## - CATALOGADOR
Iniciales GFM
942 ## - ELEMENTOS DE PUNTO DE ACCESO ADICIONAL (KOHA)
Fuente del sistema de clasificación o colocación Library of Congress Classification
Tipo de ítem Koha Libros
Holdings
Estado de retiro Estado de pérdida Estado dañado No para préstamo Localización permanente Ubicación/localización actual Fecha de adquisición Número de inventario Total de préstamos Signatura topográfica completa Código de barras Fecha visto por última vez Precio válido a partir de Tipo de ítem Koha
El ejemplar forma parte de la colección y puede ser consultado según las políticas vigentes.       Biblioteca del Museo Franz Mayer (Rogerio Casas-Alatriste) Biblioteca del Museo Franz Mayer (Rogerio Casas-Alatriste) 02/04/2014 Y83   NK550 .S65 1893 (Y83) 8690 22/03/2019 22/03/2019 Libros